[Event "Copenhagen CU 75th"]
[Site "Copenhagen"]
[Date "2002.02.17"]
[Round "9"]
[White "Brinck Claussen, Bjorn"]
[Black "Ward, Christopher"]
[Result "1/2-1/2"]
[WhiteElo "2359"]
[BlackElo "2486"]
[Annotator "Rogozenco,D"]
[PlyCount "81"]
[EventDate "2002.02.09"]
[EventType "tourn"]
[EventRounds "9"]
[EventCountry "DEN"]
[EventCategory "9"]
[SourceTitle "CBM 088"]
[Source "ChessBase"]
[SourceDate "2002.03.21"]
[SourceVersion "1"]
[SourceVersionDate "2002.03.21"]
[SourceQuality "1"]

1. e4 c5 2. Nf3 Nc6 3. d4 cxd4 4. Nxd4 g6 5. Nc3 Bg7 6. Be3 Nf6 7. Bc4 O-O 8.
Bb3 d6 9. f3 Bd7 10. Qd2 Nxd4 11. Bxd4 b5 12. h4 a5 13. a4 bxa4 14. Nxa4 Be6
15. Nb6 Ra6 16. Nd5 Bxd5 17. exd5 Qc7 18. Ra4 Rb8 19. O-O (19. h5 {Brings
nothing:} Nxh5 $1 20. Bxg7 Kxg7 21. g4 Nf6 22. Qh6+ Kg8 {And the open position
of White's king on e1 secures Black good counterplay, 1/2-1/2 Shirov,
A-Ivanchuk,V/Wijk aan Zee 1999 (45)}) 19... Nd7 20. Bxg7 Kxg7 21. h5 Nc5 $5
$146 (21... Qc5+ 22. Kh2 Rb4 {was played by Shirov in the rapid game Macieja,
B-Shirov,A/Bydgoszcz 2001. Here Black keeps the minor pieces in hope to
exploit one day the potential of Q+N.} 23. Rfa1 Rxa4 24. Rxa4 $14 {/~~.}) 22.
Rh4 (22. h6+ Kg8 23. Qc3 f6 $13 {looks good for Black.}) 22... Nxb3 23. cxb3
Qc5+ 24. Kh2 Rb4 25. h6+ Kf8 26. Rc1 $5 (26. Rxb4 Qxb4 27. Qxb4 axb4 28. Rc1
Ra8 29. Rc7 {There is still a lot of play, but looks like it will end with a
draw anyway.} f5 30. Rb7 Kf7 31. Rxb4 Ra5 32. Rd4 Rb5 33. b4 g5 $11) 26...
Rxh4+ 27. Kg3 Rb4 28. Rxc5 dxc5 29. Qc3 $11 {In spite of many weaknesses (b2,
b3, d5) the advanced pawn on h6 secures White enough counterplay against black
king.} f6 30. Qxc5 Rb8 {Black cannot achieve anything. He must keep under
control the 6th rank (against d5-d6, which will open the position of black
king) and 8th rank. This means he cannot win White's b-pawns without allowing
White to activate.} (30... Rab6 $2 31. Qc8+ Kf7 32. Qh8 $18) 31. Qc7 Rba8 (
31... Rab6 32. d6 $1 R6b7 $8 33. dxe7+ Ke8 34. Qxa5 Rxb3 35. Qc5 $11) 32. Kf4
Rd6 33. Ke4 Kf7 (33... a4 34. Qb7 Rda6 35. bxa4 Rxa4+ 36. b4 $11) 34. f4 Rad8
35. Qxa5 Rb8 36. Kd4 Rdb6 37. Kc5 Rxb3 38. d6 exd6+ 39. Kc6 Ke8 40. Qe1+ (40.
Qa7 R3b7 41. Qe3+ Kf7 {looks drawsh as well.}) 40... Kf7 41. Qa5 1/2-1/2

[Event "Ciocaltea Memorial"]
[Site "Bucharest"]
[Date "2000.03.10"]
[Round "7"]
[White "Svetushkin, Dmitry"]
[Black "Rogozenco, Dorian"]
[Result "1/2-1/2"]
[WhiteElo "2486"]
[BlackElo "2562"]
[Annotator "Rogozenco,D"]
[PlyCount "129"]
[EventDate "2000.03.13"]
[EventType "tourn"]
[EventRounds "13"]
[EventCountry "ROU"]
[EventCategory "10"]
[SourceTitle "CBM 077"]
[Source "ChessBase"]
[SourceDate "2000.07.27"]
[SourceVersion "1"]
[SourceVersionDate "2000.07.27"]
[SourceQuality "1"]

1. e4 c5 2. Nc3 Nc6 3. Nge2 g6 4. d4 cxd4 5. Nxd4 Bg7 6. Be3 Nf6 7. Bc4 O-O 8.
Bb3 d6 9. f3 Bd7 10. Qd2 Nxd4 11. Bxd4 b5 12. h4 a5 13. a4 bxa4 14. Nxa4 Be6 (
14... e5 15. Bb6 Qb8 16. Be3 Be6 17. Ra3 $14) 15. Nb6 Ra6 16. Nd5 Bxd5 17. exd5
Qc7 18. Ra4 Rb8 19. h5 Qc8 $146 (19... Nxh5 $142 20. Bxg7 Kxg7 21. g4 (21. Rah4
{looked dangerous to me during the game, but Black can probably defend
successfully after} Qc5 $1 {so that now White cannot take twice on h5 because
of the check on g1.} (21... a4 22. Rxh5 gxh5 23. Rxh5 Kf8 (23... Qa5 24. c3 Kf8
25. Rxh7 Ke8 26. Rh8+ $18) 24. Rxh7 Ke8 25. Qf4 $18)) 21... Nf6 22. Qh6+ Kg8
23. Rf4 Qc5 $11 {1/2-1/2 Shirov,A-Ivanchuk,V/Wijk aan Zee 1999/(45)}) 20. hxg6
hxg6 (20... fxg6 $6 $16) 21. Bc3 (21. Rxa5 $4 Rxa5 22. Qxa5 Rxb3 $19) 21... Qf5
22. Rah4 a4 23. Bc4 ({the cold-blooded} 23. Bxa4 $1 {was the right decision:}
g5 24. Rd4 $8 Nh7 25. Rc4 Bxc3 26. Qxc3 $16) 23... Rab6 $132 {Now Black has a
good counterplay.} 24. Be2 {/\25.g4} (24. g4 Qxf3 25. Qh2 Qe3+ (25... Nh5 26.
Bxg7 Kxg7 (26... Qe3+ 27. Qe2) 27. gxh5 Rxb2 28. Kd2 $16) 26. Kd1 (26. Be2 Nh5
$17) 26... Nh5 27. Rh3 $8 (27. Bxg7 Kxg7 $19) 27... Qe4 $13) 24... Rxb2 25.
Bxb2 Rxb2 26. Rxa4 Rxc2 27. g4 (27. Ra8+ Rc8 28. Rxc8+ Qxc8 $11) (27. Qd1 Qc8
$15) 27... Qc8 28. Qd3 Nxd5 29. Qxd5 Rxe2+ 30. Kxe2 Qc2+ 31. Qd2 Qxa4 32. Rc1
Be5 33. Rc7 $11 (33. Qh6 $6 Qa6+ 34. Kf2 d5 $15) 33... Qb5+ 34. Qd3 Qb2+ 35.
Qd2 Qxd2+ (35... Qb6 $142 36. Rxe7 $140 $2 Kf8 $1 37. Rxe5 dxe5 $17) 36. Kxd2
Kf8 37. Ke3 f5 38. gxf5 gxf5 39. Rb7 Kf7 40. Rb5 Ke6 41. Ra5 Bh2 42. Rb5 Kf6
43. f4 e5 44. fxe5+ dxe5 45. Rb6+ Kg5 46. Re6 Bg1+ 47. Kf3 Bd4 48. Re8 Bb2 49.
Re6 Kh5 50. Re8 Kg6 51. Re6+ Kf7 52. Rc6 Ba3 53. Ra6 Be7 54. Rb6 Bg5 55. Rb4 (
55. Ra6 e4+ 56. Kg3 $11) 55... Ke6 56. Ra4 Bd2 57. Ke2 Bc3 58. Kd3 Bb2 59. Ra6+
Kf7 60. Rc6 Bd4 61. Kc4 Bf2 62. Kd5 e4 63. Ke5 e3 64. Kxf5 e2 65. Re6 1/2-1/2

[Event "RUS-ch 54th"]
[Site "Elista"]
[Date "2001.05.02"]
[Round "3"]
[White "Jakovenko, Dmitrij"]
[Black "Pigusov, Evgeny"]
[Result "1/2-1/2"]
[WhiteElo "2521"]
[BlackElo "2584"]
[Annotator "Rogozenco,D"]
[PlyCount "67"]
[EventDate "2001.04.29"]
[EventType "swiss"]
[EventRounds "9"]
[EventCountry "RUS"]
[SourceTitle "CBM 083"]
[Source "ChessBase"]
[SourceDate "2001.07.05"]
[SourceVersion "1"]
[SourceVersionDate "2001.07.05"]
[SourceQuality "1"]

1. e4 c5 2. Nf3 Nc6 3. d4 cxd4 4. Nxd4 g6 5. Nc3 Bg7 6. Be3 Nf6 7. Bc4 O-O 8.
Bb3 d6 9. f3 Bd7 10. Qd2 Nxd4 {A common idea of using the fact that white
bishop went early to b3.} 11. Bxd4 b5 12. O-O {After this natural move Black
has no popening problems in reaching equal position.} (12. h4 {is of course
more ambitious and probably stronger.}) 12... a5 (12... b4 13. Nd5 Nxd5 14.
exd5 Bxd4+ 15. Qxd4 a5 16. Rfe1 Re8 17. h4 Qc7 18. h5 Rac8 19. h6 Qc5 $11 {
0-1 Sutovsky,E-Van Wely,L/Polanica Zdroj 1999/ (41)}) 13. a3 {Interesting that
this position was first played more than 60 years ago and already then Black
achieved a comfortable draw.} a4 (13... Rb8 14. Ne2 Qc7 15. Bc3 b4 16. axb4
axb4 17. Bd4 Rb7 $14 {/=. 1/2-1/2 Smyslov,V-Rabinovich,I/Leningrad 1939 (31)})
14. Bd5 (14. Ba2 Qa5 15. Qf2 Rab8 16. e5 dxe5 17. Bc5 {a pawn sac, which tries
to underline the power of the bishops. However the position remains okay for
Black and with an accurate play he should be able to neutralize White's
initiative.} Rfe8 18. Ne4 Bc6 19. Rad1 Bxe4 20. fxe4 Qc7 21. c3 $13 {1-0
Shabalov,A-Serper,G/Tbilisi 1989 (37)}) 14... Rb8 {There was no point yet in
taking on d5.} 15. Ne2 Nxd5 {Now that the knight went away taking on d5 looks
more logical.} 16. exd5 Bxd4+ 17. Qxd4 Qb6 18. Qxb6 Rxb6 19. c3 $11 {White
Knight is slightly stronger than black bishop, but this makes no difference at
all - the position is equal. Black can easily defend his weaknesses on e7 and
b5 and there is nothing White can do. Opening the position would be in Black's
favour, so the players agreed to a draw after some maneuvers.} Bf5 20. Rfe1 Re8
21. Ng3 Bc2 22. Re3 Bb3 23. Rae1 Kf8 24. Ne4 Rbb8 (24... Bxd5 $4 25. Nf6 $18)
25. Rd3 Rbc8 26. Nd2 (26. h4 h6 27. f4 {[%cal Rg1f2,Rh4h5,Ge1h1] this was a
possible plan, but the position remains equal anyway.}) 26... Ba2 27. Ra1 Bc4
28. Nxc4 bxc4 29. Rd4 Rc5 30. Re1 Rb8 31. Re2 Ke8 32. Rde4 Rb7 33. Kf2 Rbc7 34.
Rd2 1/2-1/2

[Event "Dubai op"]
[Site "Dubai"]
[Date "2001.04.23"]
[Round "8"]
[White "Gadjily, Raouf"]
[Black "Pigusov, Evgeny"]
[Result "0-1"]
[WhiteElo "2425"]
[BlackElo "2584"]
[Annotator "Rogozenco,D"]
[PlyCount "54"]
[EventDate "2001.04.15"]
[EventType "swiss"]
[EventRounds "9"]
[EventCountry "UAE"]
[SourceTitle "CBM 083"]
[Source "ChessBase"]
[SourceDate "2001.07.05"]
[SourceVersion "1"]
[SourceVersionDate "2001.07.05"]
[SourceQuality "1"]

1. e4 c5 2. Nf3 Nc6 3. d4 cxd4 4. Nxd4 g6 5. Nc3 Bg7 6. Be3 Nf6 7. Bc4 O-O 8.
Bb3 d6 9. f3 Bd7 10. Qd2 Nxd4 11. Bxd4 b5 12. a3 {As the game shows, White
wanted to attack on the kingside. In that case every move on the queenside
favours Black.} (12. h4) 12... a5 13. h4 h5 {In Dragon there is always same
question - should Black stop White's attack by playing h5 (which might often
prove an additional weakness), or let White play h4-h5? Here Black decided
that in case that White continues with g4, he (Black) has enough counterplay
on the queenside.} 14. g4 $5 {The most direct approach.} e5 $1 (14... hxg4 15.
h5 $40 Nxh5 $2 16. Bxg7 Kxg7 17. Rxh5 $18) (14... b4 $6 15. Nd5 e5 $2 16. Bb6 {
is of course much woese for Black.}) 15. Be3 b4 (15... hxg4 16. h5 (16. Qxd6 $6
) 16... gxh5 (16... Nxh5 17. fxg4 Bxg4 18. Qg2 Qd7 19. Nd5 $44) 17. Bh6 $40)
16. Nd5 a4 17. gxh5 $2 {This piece sac just does not work. Black has
sufficient ressourses ro defend the king.} (17. g5 Nxd5 18. Bxd5 bxa3 19. Rxa3
Rb8 20. b4 $1 axb3 21. cxb3 $13) (17. Ba2 {Probably the best was just to
retreat the bishop.} b3 $5 (17... bxa3 18. bxa3 $13) 18. cxb3 Nxd5 19. Qxd5 Be6
20. Qd3 $14) 17... axb3 18. Bg5 (18. h6 Bh8 19. Bb6 Qb8 20. Bc7 Qb7 21. Bxd6
Nxd5 $19) (18. hxg6 Nxd5 19. exd5 bxa3 $19) 18... bxa3 $19 {Black is a piece
up and is the first one to create threats.} 19. bxa3 (19. cxb3 axb2 $19) 19...
b2 20. Rb1 Rxa3 21. h6 Bxh6 $1 {The quickest way. Black gives back the piece 
(he still remains a pawn up!) but takes the initiative.} (21... Bh8 $19) 22.
Bxh6 Nxd5 23. Qxd5 Qb6 {White king is defenceless. In addition there is a
powerfull pawn on b2. Black wins easlily.} 24. Rf1 (24. Bxf8 Qe3+ 25. Kf1 Qxf3+
26. Kg1 Qg3+ 27. Kf1 Rf3+ 28. Ke2 Qg2+ $19) 24... Rc8 25. c4 Be6 26. Qb5 Qxb5
27. cxb5 Rc2 0-1

[Event "EU-ch 2nd"]
[Site "Ohrid"]
[Date "2001.06.09"]
[Round "8"]
[White "Moreno Carnero, Javier"]
[Black "Pigusov, Evgeny"]
[Result "1/2-1/2"]
[WhiteElo "2480"]
[BlackElo "2584"]
[Annotator "Rogozenco,D"]
[PlyCount "45"]
[EventDate "2001.06.01"]
[EventType "swiss"]
[EventRounds "13"]
[EventCountry "YUG"]
[SourceTitle "CBM 084"]
[Source "ChessBase"]
[SourceDate "2001.09.13"]
[SourceVersion "1"]
[SourceVersionDate "2001.09.13"]
[SourceQuality "1"]

1. e4 c5 2. Nf3 Nc6 3. d4 cxd4 4. Nxd4 g6 5. Nc3 Bg7 6. Be3 Nf6 7. Bc4 O-O 8.
Bb3 d6 9. f3 Bd7 10. Qd2 Nxd4 11. Bxd4 b5 {A common way to exploit the early
Bb3.} 12. h4 a5 13. h5 {The critical continuation.} e6 {Black reached in the
practice good results with the alternatives 13. ... e5 and 13. ... a4. However,
in my opinion White has better chances in all cases.} (13... e5 14. hxg6 $1 $14
{/+/-.}) (13... a4 14. Bxf6 $14 (14. Bd5 $14)) 14. a4 bxa4 15. Nxa4 Bc6 (15...
Bxa4 16. Rxa4 Nxh5 17. Bxg7 (17. g4 $5) 17... Kxg7 18. g4 Nf6 19. Qh6+ (19. Rd4
Qc7 (19... Ra6 20. Qh6+ Kg8 21. e5 $18) 20. Rxd6 (20. g5 $5 $36) 20... a4 21.
Bxe6 fxe6 22. g5 Kg8 23. gxf6 Rxf6 $14) 19... Kh8 20. e5 $6 dxe5 21. g5 Nh5 22.
Rah4 Rg8 $17 {1/2-1/2 Florencio,P-Gentil,L/Brasilia 1985 (48)}) 16. hxg6 hxg6
17. O-O-O (17. g4 $40 {[%cal Gd2h2]}) 17... Rb8 18. Bc3 d5 19. g4 Bxa4 20. Bxa4
Qb6 21. e5 Nh7 22. Qh2 (22. Rh4 $5) 22... Ng5 23. Qf4 {The game just starts to
be interesting and it is a pity that players decided to call it a day. The
position looks very dangerous for Black, but it is far from clear.} (23. Qf4
Rfd8 (23... Qd8 24. Qh2 Qb6 25. f4 {-23.f4}) 24. Qxg5 d4 $132) (23. f4 Qe3+ (
23... Rfc8 24. fxg5 Rxc3 25. bxc3 Qe3+ 26. Qd2) 24. Rd2 $1 Rfc8 25. Bd4 $16 (
25. fxg5 $2 Rxc3 26. bxc3 Qxc3 $17)) 1/2-1/2

[Event "EU-ch 2nd"]
[Site "Ohrid"]
[Date "2001.06.07"]
[Round "7"]
[White "Colovic, Aleksandar"]
[Black "Vasovski, Nikola"]
[Result "1/2-1/2"]
[WhiteElo "2413"]
[BlackElo "2359"]
[Annotator "Rogozenco,D"]
[PlyCount "48"]
[EventDate "2001.06.01"]
[EventType "swiss"]
[EventRounds "13"]
[EventCountry "YUG"]
[SourceTitle "CBM 084"]
[Source "ChessBase"]
[SourceDate "2001.09.13"]
[SourceVersion "1"]
[SourceVersionDate "2001.09.13"]
[SourceQuality "1"]

1. e4 c5 2. Nf3 Nc6 3. d4 cxd4 4. Nxd4 g6 5. Be3 Bg7 6. Nc3 Nf6 7. Bc4 O-O 8.
Bb3 d6 9. f3 Bd7 10. Qd2 Nxd4 11. Bxd4 b5 12. h4 a5 13. a4 bxa4 14. Nxa4 Be6
15. Bxe6 {This move improves Black's pawn structure, as after fxe6 Black will
control square d5. It opens also the f-file for black rook and the attack on
the h-file will be less dangerous for Black (because the rook can defend
square h7 from f7). On the other hand White does not waste time at all and
simply tries to prove that even after fxe6 he can pretend to have a better
structure.} (15. Nb6 {A more ambitious way.} Ra6 16. Nd5 Bxd5 17. exd5 Qc7 18.
Ra4 Rb8 19. Kf2 Nd7 20. Bxg7 Kxg7 21. h5 Nf6 22. hxg6 fxg6 23. g4 Qc5+ 24. Kg2
$14 {1/2-1/2 Macieja,B-Shirov,A/Bydgoszcz 2001 (47)}) 15... fxe6 16. O-O (16.
g4 Qc7 17. h5 gxh5 18. gxh5 Kf7 19. b3 Rg8 (19... Rfb8 $5) 20. O-O-O Rab8 21.
Bc3 Rgc8 22. Rhg1 Bh8 23. Rg2 $14 {1-0 Ivanovic,B-Larsen,B/New York 1988 (48)})
16... Rb8 (16... Qc7 17. Ra3 $2 Nxe4 18. fxe4 Rxf1+ 19. Kxf1 Qc4+ 20. Qd3 Qxd4
$19 {0-1 Zuckerman,B-Byrne,D/New York 1966 (47)}) 17. Qe3 (17. b3 $142 $5 {
[%cal Ra4b2,Rb2c4]}) 17... Nd7 18. Bxg7 Kxg7 19. b3 Qc7 20. Rf2 Rb5 21. Qc3+ (
21. Nb2 Ne5 $11) 21... Qxc3 22. Nxc3 Rc5 23. Nd1 Rb8 24. Ne3 Rb4 {/\Nb6, a4=.}
1/2-1/2

[Event "Bydgoszcz m 20'"]
[Site "Bydgoszcz"]
[Date "2001.04.05"]
[Round "4"]
[White "Macieja, Bartlomiej"]
[Black "Shirov, Alexei"]
[Result "1/2-1/2"]
[WhiteElo "2608"]
[BlackElo "2722"]
[Annotator "Rogozenco,D"]
[PlyCount "93"]
[EventDate "2001.05.05"]
[EventType "tourn"]
[EventRounds "4"]
[EventCountry "POL"]
[SourceTitle "CBM 083"]
[Source "ChessBase"]
[SourceDate "2001.07.05"]
[SourceVersion "1"]
[SourceVersionDate "2001.07.05"]
[SourceQuality "1"]

1. e4 c5 2. Nc3 Nc6 3. Nf3 g6 4. d4 cxd4 5. Nxd4 Nf6 6. Be3 Bg7 7. Bc4 O-O 8.
Bb3 d6 9. f3 Bd7 10. Qd2 Nxd4 11. Bxd4 b5 12. h4 a5 13. a4 (13. h5 {is another
serious attempt to fight for advantage.}) 13... bxa4 14. Nxa4 Be6 15. Nb6 Ra6
16. Nd5 Bxd5 17. exd5 Qc7 {Although Black scores well in this line, in my
opinion his position is slightly worse. Black has weaknesses on a5, e7 and can
have problems on the h-file. White's drawbacks are his bishop on b3 which is a
bit passive (but it plays important defensive role, protecting c2 and d5) ans
also white king sometimes is vulnerable on the dark squares.} 18. Ra4 Rb8 {
This position was played before, and in the original game of the whole line
Shirov was White! In the rapid match Macieja tried two different moves, both
times with similar ideas and both times he was better, although Black scored 1,
5 out of 2 in these rapid games.} 19. Kf2 (19. O-O Nd7 20. Bxg7 Kxg7 21. h5 $13
Qc5+ 22. Kh2 Rb4 23. Rfa1 (23. Qe2 $5 Rab6 $140 24. Qxe7 Ne5 25. h6+ $1 Kxh6
26. Qf8+ Kh5 27. g4+ Kg5 28. f4+ Kxg4 29. fxe5 $18) 23... Rxa4 24. Rxa4 Ra8 25.
Rh4 Nf6 26. hxg6 fxg6 27. Rc4 $14 {0-1 Macieja,B-Shirov,A/Bydgoszcz rapid 2001/
(44)}) (19. h5 Nxh5 (19... Qc8 $6 20. hxg6 hxg6 21. Bc3 Qf5 22. Rah4 $14 {
1/2-1/2 Svetushkin,D-Rogozenko,D/Bucharest 2000/ (65)}) 20. Bxg7 Kxg7 21. g4
Nf6 22. Qh6+ Kg8 23. Rf4 Qc5 $11 {1/2-1/2 Shirov,A-Ivanchuk,V/Wijk aan Zee
1999/ (45)}) 19... Nd7 20. Bxg7 Kxg7 21. h5 Nf6 22. hxg6 fxg6 23. g4 Qc5+ 24.
Kg2 Rb4 25. Qh6+ {There is no way to mate Black, so white queen was more
useful in the center.} (25. Rxb4 axb4 26. Re1 Ra7 27. g5 Nh5 28. Re4 Rb7 29.
Rc4 $14) (25. Rha1 Rxa4 26. Rxa4 $14) 25... Kg8 26. g5 {This leads to a draw.
White must give perpetual and there is nothing Black can do about that.} Nh5
27. Rxh5 gxh5 28. g6 $11 hxg6 29. Qxg6+ Kf8 30. c3 Rxa4 31. Qf5+ Kg7 32. Qg5+
Kf8 33. Qf5+ Kg7 34. Qg5+ Kf8 35. Bxa4 Rb6 36. Qh6+ Kf7 37. Qxh5+ Kg7 38. Qg5+
Kf7 39. Bd7 Rxb2+ 40. Kh3 Re2 41. Qf5+ Kg7 42. Qg4+ Kf6 43. Qf5+ Kg7 44. Qg5+
Kf7 45. Qh5+ Kg7 46. Qg4+ Kf8 47. Qf4+ 1/2-1/2